000 00810nam a2200253Ia 4500
003 OSt
005 20220923211252.0
006 a|||||r|||| 00| 0
007 ta
008 Pun
020 _a9788178835730 (hbk)
_c80
024 _a271,488
037 _b671, 03/06/2013, H.K. Prakashan
_cTextual
040 _aARTS
_cARTS
_bPun
041 _2Pun
_aPun
082 _aO153,2NAU,JD, P9
100 _aਔਲਖ, ਅਜਮੇਰ ਸਿੰਘ
245 0 _aਝਨਾਂ ਦੇ ਪਾਣੀ
260 _aਲੁਧਿਆਣਾ
_b ਜੇਤਨਾ ਪ੍ਰਕਾFਨ
_c2009
300 _a78ਪੰ
_ccm.
650 _aਪੰਜਾਬੀ ਸਾਹਿਤ
942 _hO153,2NAU,JD, P9
_cTEXL
_2CC
999 _c297996
_d297996